[Event "PER-ch U20 Girls"]
[Site "Lima"]
[Date "2018.04.19"]
[Round "1.6"]
[White "Palacios Llancari, Katherine"]
[Black "Romero Dongo, Maria Jose"]
[Result "1-0"]
[WhiteElo "1723"]
[BlackElo "1322"]
[PlyCount "69"]
[EventDate "2018.04.19"]
[EventType "swiss"]
[EventRounds "7"]
[EventCountry "PER"]
[SourceTitle "EXT 2024"]
[Source "ChessBase"]
[SourceDate "2023.10.10"]
[SourceVersion "1"]
[SourceVersionDate "2023.10.10"]
[SourceQuality "1"]

1. e4 e5 2. Nf3 Nc6 3. Bc4 h6 4. 0-0 Nf6 5. Re1 d6 6. d4 Bg4 7. c3 exd4 8. cxd4 Bxf3 9. Qxf3 Nxd4 10. Qc3 Ne6 11. Bxe6 fxe6 12. Qb3 e5 13. Qxb7 Be7 14. Qc6+ Kf8 15. Nc3 Qe8 16. Qxc7 Qc8 17. Qxc8+ Rxc8 18. Be3 a6 19. Rac1 Kf7 20. f3 Rhd8 21. Red1 Rd7 22. Rd3 Rcd8 23. Rcd1 Ke6 24. Nd5 Rb8 25. R1d2 Rdb7 26. b3 Nxd5 27. Rxd5 Rb5 28. Rxb5 Rxb5 29. Kf2 a5 30. Rd3 Bd8 31. g3 Bb6 32. Bxb6 Rxb6 33. Ke3 Rb5 34. Rd2 Rb4 35. Rd3 1-0

[Event "Lima-ch U16 Damas A"]
[Site "Lima"]
[Date "2017.01.15"]
[Round "7.3"]
[White "Palao, Adriana"]
[Black "Palacios Llancari, Katherine"]
[Result "1-0"]
[WhiteElo "1604"]
[BlackElo "1675"]
[PlyCount "75"]
[EventDate "2017.01.12"]
[EventType "swiss"]
[EventRounds "7"]
[EventCountry "PER"]
[SourceTitle "EXT 2024"]
[Source "ChessBase"]
[SourceDate "2023.10.10"]
[SourceVersion "1"]
[SourceVersionDate "2023.10.10"]
[SourceQuality "1"]

1. e4 c5 2. Nf3 e6 3. d4 cxd4 4. Nxd4 a6 5. Be2 b5 6. Bf3 Bb7 7. e5 Nc6 8. 0-0 Qc7 9. Nxc6 Bxc6 10. Bxc6 Qxc6 11. a4 b4 12. c3 h5 13. Bd2 bxc3 14. Nxc3 h4 15. h3 Ne7 16. Rc1 Qb7 17. b4 Nf5 18. b5 Ba3 19. bxa6 Rxa6 20. Rb1 Rb6 21. Nb5 Be7 22. Ba5 Rh6 23. Bxb6 Rg6 24. Nc7+ Kf8 25. f3 Qxb6+ 26. Rxb6 Bc5+ 27. Kh2 Bxb6 28. Qxd7 Kg8 29. Qe8+ Kh7 30. Qxf7 Ne3 31. Qxg6+ Kxg6 32. Rc1 Nf5 33. Nxe6 Ng3 34. Nc5 Kf7 35. f4 Ne2 36. Rc4 Kg6 37. e6 Kf5 38. e7 1-0

[Event "Lima-ch U16 Damas A"]
[Site "Lima"]
[Date "2017.01.13"]
[Round "2.3"]
[White "Palacios Llancari, Katherine"]
[Black "Campos Toledo, Andrea Celeste"]
[Result "0-1"]
[WhiteElo "1675"]
[BlackElo "1744"]
[PlyCount "135"]
[EventDate "2017.01.12"]
[EventType "swiss"]
[EventRounds "7"]
[EventCountry "PER"]
[SourceTitle "EXT 2024"]
[Source "ChessBase"]
[SourceDate "2023.10.10"]
[SourceVersion "1"]
[SourceVersionDate "2023.10.10"]
[SourceQuality "1"]

1. e4 e5 2. Nf3 Nc6 3. d4 exd4 4. Nxd4 Bc5 5. Nxc6 Qf6 6. Qd2 dxc6 7. Bd3 Be6 8. 0-0 Ne7 9. Qg5 Bb6 10. a4 a5 11. Qxf6 gxf6 12. Be3 Rg8 13. Re1 Ng6 14. Kh1 Nh4 15. Bf1 0-0-0 16. Bxb6 cxb6 17. Ra3 h5 18. g3 Ng6 19. h4 Ne5 20. Rc3 Kb8 21. f4 Ng4 22. f5 Bd7 23. Bg2 c5 24. b3 Bc6 25. Kg1 Ne5 26. Kf2 Rd4 27. Bf3 Ng4+ 28. Bxg4 Rxg4 29. e5 Rd5 30. Rce3 fxe5 31. Rxe5 Rxe5 32. Rxe5 Re4 33. Rxe4 Bxe4 34. Na3 Bxf5 35. Kf3 Kc7 36. Kf4 Bg4 37. Ke5 Kc6 38. Kf6 Kd5 39. Nc4 Kd4 40. Nxb6 Kc3 41. Nc4 Kxc2 42. Nxa5 b6 43. Nc4 Kxb3 44. Nxb6 c4 45. Nd5 Kxa4 46. Ke5 Be6 47. Nc3+ Kb3 48. Kd4 Kc2 49. Ne4 f5 50. Nc5 Bf7 51. Na4 Kd2 52. Ke5 Ke3 53. Kxf5 Kf3 54. Nc3 Kxg3 55. Kg5 Kf3 56. Nb5 Ke3 57. Kf6 Be8 58. Na3 Kd3 59. Ke7 Ba4 60. Kf6 c3 61. Kg5 Bd1 62. Kf4 c2 63. Nxc2 Kxc2 64. Ke3 Kc3 65. Ke4 Kd2 66. Kf4 Ke2 67. Kg3 Ke3 68. Kh3 0-1

[Event "Lima U1600 2nd"]
[Site "Lima"]
[Date "2014.04.18"]
[Round "6.5"]
[White "Palacios Llancari, Katherine"]
[Black "Fernandez, Roberto1111"]
[Result "0-1"]
[WhiteElo "1498"]
[BlackElo "1486"]
[PlyCount "56"]
[EventDate "2014.04.17"]
[EventType "tourn"]
[EventRounds "11"]
[EventCountry "PER"]
[SourceTitle "EXT 2024"]
[Source "ChessBase"]
[SourceDate "2023.10.10"]
[SourceVersion "1"]
[SourceVersionDate "2023.10.10"]
[SourceQuality "1"]

1. e4 e5 2. Nf3 d6 3. Nc3 Nf6 4. Bc4 c6 5. 0-0 Be7 6. d4 exd4 7. Nxd4 0-0 8. Bg5 Nxe4 9. Bxe7 Qxe7 10. Qe2 Re8 11. Rfe1 d5 12. Bb3 Qc5 13. Qd3 Nf6 14. Rxe8+ Nxe8 15. Re1 Nf6 16. Na4 Qa5 17. c3 Qd8 18. c4 Qa5 19. Kf1 Bd7 20. cxd5 Nxd5 21. Qf5 Qxe1+ 22. Kxe1 Bxf5 23. Nxf5 Nd7 24. Bxd5 cxd5 25. Ne7+ Kf8 26. Nxd5 Re8+ 27. Kd2 Ne5 28. Ne3 Nc4+ 0-1

[Event "Lima U1600 2nd"]
[Site "Lima"]
[Date "2014.04.18"]
[Round "4.6"]
[White "Palacios Llancari, Katherine"]
[Black "Saravia, German"]
[Result "1-0"]
[WhiteElo "1498"]
[BlackElo "1505"]
[PlyCount "105"]
[EventDate "2014.04.17"]
[EventType "tourn"]
[EventRounds "11"]
[EventCountry "PER"]
[SourceTitle "EXT 2024"]
[Source "ChessBase"]
[SourceDate "2023.10.10"]
[SourceVersion "1"]
[SourceVersionDate "2023.10.10"]
[SourceQuality "1"]

1. e4 e5 2. Nf3 Nc6 3. Bc4 Nf6 4. d3 Bc5 5. 0-0 d6 6. Bg5 h6 7. Bh4 Be6 8. Nc3 Bxc4 9. dxc4 g5 10. Bg3 Qd7 11. Nd5 Nxd5 12. cxd5 Ne7 13. Nd2 0-0-0 14. a3 f5 15. exf5 Nxd5 16. b4 Bb6 17. c4 Ne7 18. f6 Nf5 19. Kh1 Bd4 20. Rb1 Qf7 21. c5 Qxf6 22. Ne4 Qe7 23. cxd6 Nxd6 24. Nc5 Nb5 25. Qg4+ Kb8 26. Qe4 Nd6 27. Qc2 Rhf8 28. Rbc1 Rf7 29. a4 Nf5 30. a5 Nxg3+ 31. hxg3 Bxc5 32. bxc5 a6 33. c6 b5 34. axb6 cxb6 35. Qe4 Qc7 36. Ra1 Rd4 37. Qg6 Rd6 38. Qg8+ Ka7 39. Rfc1 a5 40. Ra2 Rdf6 41. Kg1 e4 42. Re2 Re7 43. Rd2 Rxc6 44. Rf1 b5 45. Rd8 a4 46. Kh2 Rd6 47. Ra8+ Kb7 48. Rb1 Rb6 49. Ra5 Qc5 50. Qa8+ Kc7 51. Ra7+ Kd6 52. Rd1+ Ke5 53. Qh8+ 1-0

[Event "Lima U1600 2nd"]
[Site "Lima"]
[Date "2014.04.17"]
[Round "2.6"]
[White "Rojas, Steven"]
[Black "Palacios Llancari, Katherine"]
[Result "1-0"]
[WhiteElo "1589"]
[BlackElo "1498"]
[PlyCount "87"]
[EventDate "2014.04.17"]
[EventType "tourn"]
[EventRounds "11"]
[EventCountry "PER"]
[SourceTitle "EXT 2024"]
[Source "ChessBase"]
[SourceDate "2023.10.10"]
[SourceVersion "1"]
[SourceVersionDate "2023.10.10"]
[SourceQuality "1"]

1. d4 d5 2. Nf3 Bg4 3. Ne5 Bf5 4. e3 Nf6 5. Bd3 Bxd3 6. Qxd3 e6 7. Qb5+ Nbd7 8. Nxd7 Nxd7 9. Qxb7 Bd6 10. 0-0 0-0 11. Qa6 Qe7 12. b3 c5 13. Ba3 Rfc8 14. Nd2 e5 15. Rfd1 exd4 16. exd4 Qf6 17. Qd3 c4 18. bxc4 dxc4 19. Nxc4 Bxa3 20. Nxa3 Rab8 21. c4 Re8 22. Qf3 Qa6 23. Nb5 Rbc8 24. Rdc1 Qb6 25. a4 a6 26. c5 Qf6 27. Qxf6 Nxf6 28. Nd6 Red8 29. Nxc8 Rxc8 30. c6 Kf8 31. Rc5 Ke7 32. Rac1 Kd6 33. Ra5 Ne4 34. Rxa6 Nd2 35. Ra7 Nb3 36. Rd7+ Ke6 37. Re1+ Kf6 38. Rd6+ Kg5 39. h4+ Kxh4 40. Rd5 Nd2 41. Re2 g5 42. Rxd2 Rxc6 43. Re2 h5 44. Re4+ 1-0

[Event "Lima Circulo Peruano 5th"]
[Site "Lima"]
[Date "2014.02.18"]
[Round "2"]
[White "Pena Morales, Hugo"]
[Black "Palacios Llancari, Katherine"]
[Result "1-0"]
[WhiteElo "2154"]
[BlackElo "1505"]
[PlyCount "41"]
[EventDate "2014.02.17"]
[EventType "swiss"]
[EventRounds "7"]
[EventCountry "PER"]
[SourceTitle "CBM 159 Extra"]
[Source "ChessBase"]
[SourceDate "2014.04.24"]
[SourceVersion "1"]
[SourceVersionDate "2014.04.24"]
[SourceQuality "1"]

1. e4 e5 2. Nf3 Nc6 3. Nc3 Nf6 4. d4 exd4 5. Nxd4 Bb4 6. Nxc6 dxc6 7. Bd3 Bxc3+ 8. bxc3 0-0 9. 0-0 Qe7 10. Qf3 Qc5 11. Bd2 Nd7 12. Qg3 Ne5 13. Bh6 Ng6 14. Be3 Qxc3 15. f4 f5 16. Rab1 b6 17. Rb3 Qa5 18. Bc4+ Kh8 19. Bd4 b5 20. Qxg6 Rf7 21. Bxg7+ 1-0

[Event "PER-ch (Women)"]
[Site "Lima"]
[Date "2007.03.05"]
[Round "8"]
[White "Palacios Llancari, Katherine"]
[Black "Cosme Contreras, Trilce"]
[Result "1/2-1/2"]
[WhiteElo "1625"]
[BlackElo "1889"]
[PlyCount "30"]
[EventDate "2017.03.01"]
[EventType "swiss"]
[EventRounds "9"]
[EventCountry "PER"]
[SourceTitle "EXT 2018"]
[Source "ChessBase"]
[SourceDate "2017.10.13"]
[SourceVersion "1"]
[SourceVersionDate "2017.10.13"]
[SourceQuality "1"]

1. e4 c5 2. Nf3 d6 3. d4 cxd4 4. Nxd4 Nf6 5. Nc3 a6 6. Be2 e6 7. 0-0 Be7 8. Be3 Qc7 9. f4 0-0 10. Kh1 Nc6 11. Qe1 Nxd4 12. Bxd4 e5 13. Be3 Be6 14. Qg3 Kh8 15. Bf3 b5 1/2-1/2

[Event "PER-ch (Women)"]
[Site "Lima"]
[Date "2007.03.03"]
[Round "5"]
[White "Aliaga Fernandez, Ingrid Yadira"]
[Black "Palacios Llancari, Katherine"]
[Result "1-0"]
[WhiteElo "2169"]
[BlackElo "1625"]
[PlyCount "67"]
[EventDate "2017.03.01"]
[EventType "swiss"]
[EventRounds "9"]
[EventCountry "PER"]
[SourceTitle "EXT 2018"]
[Source "ChessBase"]
[SourceDate "2017.10.13"]
[SourceVersion "1"]
[SourceVersionDate "2017.10.13"]
[SourceQuality "1"]

1. e4 c5 2. Nf3 e6 3. c4 Nc6 4. Nc3 a6 5. d4 cxd4 6. Nxd4 Qc7 7. Nxc6 bxc6 8. Bd3 Nf6 9. Qe2 e5 10. 0-0 Be7 11. f4 Bc5+ 12. Kh1 d6 13. f5 h5 14. Be3 Bxe3 15. Qxe3 Ng4 16. Qg3 Qd8 17. h3 Nf6 18. Qxg7 Rg8 19. Qh6 Rb8 20. b3 Ke7 21. Qe3 h4 22. Be2 Rg3 23. Rf3 Nh5 24. Rxg3 Nxg3+ 25. Kh2 Qh8 26. Bg4 f6 27. c5 Nxe4 28. Nxe4 d5 29. Nd6 Bd7 30. a3 Qg7 31. b4 Rh8 32. Rd1 Qg5 33. Qxg5 fxg5 34. f6+ 1-0